Statistiques concernant Questions Culture Rap US - Qui suis-je ?

Cliquez ici pour prendre le quiz!

Statistiques générales

  • Ce quiz a été pris 324 fois
  • Le résultat moyen est 14 sur 33

Statistiques - réponses

FaitQui-suis je ?% Correct
J'ai récemment sorti UTOPIA. J'ai sorti un projet en collaboration avec Quavo.Travis Scott
86%
J'ai sorti l'album Graduation.Kanye West
76%
Je me suis fait tuer le 18 juin 2018. Mon dernier projet sorti avant ma mort est "?"XXXTENTACION
74%
Je suis un des beatmakers actuel les plus connus. J'ai produit des projets notamment pour 21 Savage, Offset, Nav, Big Sean.Metro Boomin
71%
Je suis considéré comme une légende du rap. Je me suis fait tirer dessus après le combat de Mike Tyson, cela entrainera ma mort.2Pac
68%
Je me suis notamment fait connaitre grâce au projet Savage Mode en collaboration avec Metro Boomin.21 Savage
67%
J'ai sorti le classique Doggystyle.Snoop Dogg
66%
J'ai produit une multitude d'artistes comme : Snoop Dogg, Eminem, 2Pac.Dr. Dre
65%
Je suis d'origine haïtienne et je viens de Floride. Un de mes sons les plus streamés est ZEZE.Kodak Black
65%
Je suis détesté par beaucoup de rappeur notamment car j'ai balancé pendant mon jugement.6ix9ine
58%
Je me suis fait connaitre en tant que DJ. Je suis fondateur du label We the Best MusicDJ Khaled
57%
J'ai sorti le projet 2014 Forest Hills Drive. Je suis en feat sur l'album de Drake For All The DogsJ. Cole
49%
Je suis un membre de NWA. Je suis un acteur du film Boyz N The Hood.Ice Cube
48%
Je suis d'origine marocaine. J'ai notamment fait un feat avec le rappeur français Lacrim.French Montana
46%
J'ai une tâche de naissance sur ma joue.Playboi Carti
46%
J'ai sorti Barter 6. Je suis actuellement en prison.Young Thug
44%
J'ai sorti le banger Yes Indeed avec Drake en featuring.Lil Baby
42%
Avant d'être rappeur j'étais maton de prison. J'ai fondé le label Maybach MusicRick Ross
40%
Avant d'être rappeur j'étais acteur. Je suis un des rappeurs les plus streamés au monde.Drake
35%
Je suis un rappeur d'Atlanta. J'ai sorti des projets en collaborations avec Young Thug, Drake, Lil Uzi Vert.Future
33%
King Von était un très bon ami à moi. Je viens de O'block.Lil Durk
33%
J'ai sorti un classique à l'âge de 20 ans. Je suis originaire de New York. J'ai eu beaucoup d'embrouilles avec Jay-Z.Nas
33%
Je suis une des premières superstar de la trap. J'ai sorti plus de 100 projets. Mon surnom est Guwop.Gucci Mane
29%
Mon ex petite-amie est Nicki Minaj. J'ai beaucoup collaboré avec Rick RossMeek Mill
27%
Je suis jugé comme le boss des refrains. Je suis mort. J'étais un ami très proche de Snoop Dogg.Nate Dogg
26%
Mon cousin est 21 Savage. J'ai notamment sorti 3 mixtapes SlimeBall.Young Nudy
22%
Je suis un membre du Wu-Tang Clan. Je suis acteur du film How High.Method Man
20%
Je me mélange très peu avec le reste des rappeurs. Je suis originaire de Bâton-RougeNBA YoungBoy
19%
J'ai sorti le banger 100 Shots. Je me suis fait tuer le 17 novembre 2021.Young Dolph
19%
Je suis un des fondateurs de A$AP Mob. Je suis mort en 2015.ASAP Yams
18%
En 1993 j'ai fondé le label Bad Boy Records. Je suis originaire de New York.P Diddy
12%
Je viens de Memphis. Je suis le membre le plus connu de la Three 6 Mafia.Juicy J
11%
Je suis un homme très respecté du rap game. Je suis le fondateur de Rap-A-Lot.J. Prince
6%

Distribution des résultats

Percentile par nombre de réponses

% des personnes avec chaque résultat

Votre développement - résultats

Vous n’avez pas pris ce quiz